| 000 | 01151nam a2200325 c 4500 | ||
|---|---|---|---|
| 003 | BLK | ||
| 005 | 20240514100852.0 | ||
| 008 | 180413b bul|||||r ||||||| ||bul|| | ||
| 010 | _aKNG00019926000 | ||
| 020 |
_a954-441-022-8 _bиздат.: Петриков |
||
| 040 | _aBLK | ||
| 041 |
_aBUL _cBUL |
||
| 080 |
_aФренска литература _b821.133.1 _x-31 _z821.133.1-31 |
||
| 100 | 1 |
_aЖид, Андре _eпърви автор _9247606 |
|
| 700 | 1 |
_aХристов, Иво _eпрев. _9365202 |
|
| 139 |
_aЖид, Андре _bЖ 52 |
||
| 245 | 1 | 0 |
_aФалшификаторите _b[Роман] _cАндре Жид; прев. Иво Христов. |
| 257 | _aFRA | ||
| 260 |
_аСофия _bПетриков _c1997 |
||
| 300 |
_a312 с. _c20 см |
||
| 380 | _aX | ||
| 490 | 1 | _aСъвременна класика | |
| 500 | _aОриг. загл. Les faux - monnayeurs / Andre Gide. - 2 000 тир. | ||
| 852 | _aЦб 194590 | ||
| 856 | 4 |
_qpdf _u |
|
| 856 | 4 |
_qpdf _u |
|
| 942 |
_cKNG _n0 _01 |
||
| 944 |
_aCR _c15.01.2003 _k30530 _lМинев Младен |
||
| 944 |
_aED _c22.12.2016 _kСилвестър_Спасов |
||
| 999 |
_c17915 _d17915 |
||